[Event "GER-ch Net Amateur Gr-C Final"]
[Site "Playchess.com INT"]
[Date "2020.04.18"]
[Round "7"]
[White "Kullmann, Theo"]
[Black "Popovici, Constantin Daniel"]
[Result "1-0"]
[WhiteElo "1564"]
[BlackElo "1728"]
[PlyCount "86"]
[EventDate "2020.04.18"]
[EventType "swiss (blitz)"]
[EventRounds "13"]
[EventCountry "GER"]
[SourceTitle "CBM 195 Extra"]
[Source "ChessBase"]
[SourceDate "2020.05.31"]
[SourceVersion "1"]
[SourceVersionDate "2020.05.31"]
[SourceQuality "1"]

1. e4 c5 2. Nc3 d6 3. d3 Nf6 4. g3 Nc6 5. Bg2 e5 6. Nge2 Be6 7. 0-0 Be7 8. h3 Qd7 9. Kh2 a6 10. f4 exf4 11. Bxf4 Rc8 12. g4 h6 13. Ng3 d5 14. e5 Nh7 15. Nh5 0-0 16. Qd2 Kh8 17. Be3 d4 18. Bxh6 gxh6 19. Qxh6 Rg8 20. Be4 f5 21. gxf5 Bg5 22. fxe6 Qe7 23. Qxh7+ Qxh7 24. Bxh7 Kxh7 25. Rf7+ Kg6 26. Nf6 Bxf6 27. Rxf6+ Kh7 28. Nd5 Rg7 29. Rf7 Rxf7 30. exf7 Kg7 31. e6 Kf8 32. Rf1 Ne7 33. Nxe7 Kxe7 34. h4 Rf8 35. Kh3 Kxe6 36. h5 Ke7 37. Kh4 Rxf7 38. Rxf7+ Kxf7 39. Kg5 Kg7 40. Kf5 Kh6 41. Ke5 b5 42. Kd5 c4 43. dxc4 bxc4 1-0

[Event "GER-ch Net Amateur Gr-C Final"]
[Site "Playchess.com INT"]
[Date "2020.04.18"]
[Round "5"]
[White "Popovici, Constantin Daniel"]
[Black "Vaghef, Mohammad Reza"]
[Result "1-0"]
[WhiteElo "1728"]
[BlackElo "1579"]
[PlyCount "151"]
[EventDate "2020.04.18"]
[EventType "swiss (blitz)"]
[EventRounds "13"]
[EventCountry "GER"]
[SourceTitle "CBM 195 Extra"]
[Source "ChessBase"]
[SourceDate "2020.05.31"]
[SourceVersion "1"]
[SourceVersionDate "2020.05.31"]
[SourceQuality "1"]

1. e4 d5 2. exd5 Nf6 3. c4 c6 4. dxc6 Nxc6 5. Nc3 Bg4 6. Nf3 Nd4 7. Be2 Nxe2 8. Qxe2 e6 9. d3 Bf5 10. d4 Bb4 11. 0-0 0-0 12. a3 Bd6 13. Be3 Ng4 14. h3 Nxe3 15. Qxe3 Rc8 16. Qe2 Qf6 17. Kh1 Rfd8 18. Rfd1 Bb8 19. Rac1 Qg6 20. Ra1 Qh6 21. Ng1 Bg6 22. c5 Bh5 23. Nf3 Qf4 24. g4 Bg6 25. Rac1 b6 26. cxb6 Be4 27. Kg2 Bxf3+ 28. Qxf3 Qxf3+ 29. Kxf3 axb6 30. Rd2 e5 31. d5 Re8 32. Ne4 f6 33. Rcd1 Red8 34. d6 Rc6 35. d7 Kf7 36. Ke3 Ke6 37. f4 exf4+ 38. Kf3 g5 39. Nc3 Rc7 40. Ne4 Ke7 41. Rd6 Rcxd7 42. Rxd7+ Rxd7 43. Rxd7+ Kxd7 44. Nxf6+ Ke6 45. Nxh7 Be5 46. Nxg5+ Kf6 47. Ne4+ Ke6 48. b3 Bb2 49. a4 Ba3 50. Kxf4 Bd6+ 51. Kf3 Be5 52. h4 Kd5 53. Ke3 Bd4+ 54. Kd3 Be5 55. h5 Ke6 56. Nf2 Kf6 57. Ke4 Bb8 58. Nh3 Bg3 59. g5+ Kg7 60. Kf5 Bb8 61. h6+ Kh7 62. Kf6 Bg3 63. Ng1 Bh4 64. Nf3 Bg3 65. Kf5 Bb8 66. Kg4 Bc7 67. Kh5 Bd8 68. g6+ Kh8 69. Kg4 b5 70. axb5 Bb6 71. Kf5 Kg8 72. Kf6 Kh8 73. g7+ Kg8 74. Ng5 Bd8+ 75. Kg6 Bf6 76. h7# 1-0

[Event "GER-ch Net Amateur Gr-C Vor1"]
[Site "Playchess.com INT"]
[Date "2020.04.14"]
[Round "5"]
[White "Turba, Raffael"]
[Black "Popovici, Constantin Daniel"]
[Result "0-1"]
[WhiteElo "1620"]
[BlackElo "1620"]
[PlyCount "124"]
[EventDate "2020.04.14"]
[EventType "swiss (blitz)"]
[EventRounds "9"]
[EventCountry "GER"]
[SourceTitle "CBM 196 Extra"]
[Source "ChessBase"]
[SourceDate "2020.07.31"]
[SourceVersion "1"]
[SourceVersionDate "2020.07.31"]
[SourceQuality "1"]

1. e4 c5 2. Nf3 d6 3. d4 cxd4 4. Nxd4 Nf6 5. Nc3 a6 6. Bg5 e5 7. Bxf6 Qxf6 8. Nf3 Be6 9. b3 Nd7 10. Bc4 Qd8 11. Bxe6 fxe6 12. 0-0 Be7 13. h3 0-0 14. Nd2 Nb6 15. Qg4 Qd7 16. Nf3 Bf6 17. Rad1 Rad8 18. a4 Qe7 19. Rd2 d5 20. exd5 exd5 21. Rfd1 e4 22. Nh2 Bxc3 23. Re2 Qf6 24. f3 exf3 25. Nxf3 Rfe8 26. Rxe8+ Rxe8 27. Nd4 Bxd4+ 28. Qxd4 Qxd4+ 29. Rxd4 Rd8 30. Kh2 Kf7 31. Kg3 Kf6 32. Kf4 g5+ 33. Kg4 Ke5 34. Rb4 Rd6 35. a5 Nd7 36. Rxb7 Ke6 37. Kxg5 Rc6 38. Ra7 Rxc2 39. Rxa6+ Ke7 40. Rh6 Rxg2+ 41. Kh4 Ra2 42. a6 d4 43. Rxh7+ Kd6 44. Rh6+ Kc7 45. Kg5 d3 46. Re6 d2 47. Re2 d1Q 48. Rxa2 Qg1+ 49. Kh4 Qd4+ 50. Kg3 Qc3+ 51. Kh4 Qxb3 52. Ra1 Qc4+ 53. Kh5 Qd5+ 54. Kh4 Qd4+ 55. Kg5 Qxa1 56. Kg6 Qxa6+ 57. Kg7 Qf6+ 58. Kh7 Nf8+ 59. Kg8 Kd7 60. h4 Ke7 61. h5 Qf7+ 62. Kh8 Qh7# 0-1